| 000 | 01286nam a22002897a 4500 | ||
|---|---|---|---|
| 001 | 9546 | ||
| 003 | FISKH | ||
| 005 | 20260121095441.0 | ||
| 008 | 260121b cb ||||| |||| 00| 0 eng d | ||
| 020 | _a1880892588 | ||
| 040 |
_aFISKH _beng _cFISKH _dFISKH |
||
| 050 | _aPZ7 | ||
| 082 | _a428.6 | ||
| 100 |
_aNichols, Yuriko _eAuthor |
||
| 245 |
_aDuke has a tube : _bSuccessful reading for beginners / _cWritten by Yuriko Nichols ; illustrations by Ron Wheeler |
||
| 260 |
_aMelrose : _bCommon Sense Press , _c1998 |
||
| 300 |
_a10 pages : _billustrations ; _c14 x 22 cm |
||
| 490 |
_aLong vowel reader : _vBook 9 |
||
| 505 | _aE | ||
| 520 | _aDuke Has a Tube is an early-reader phonics story focused on long vowel sounds, especially the long āuā. The simple narrative follows Duke as he interacts with a tube and other items that highlight the long āuā pattern (e.g., cube, tune, mule, cute). Using repetitive, decodable text and supportive illustrations, the book helps beginning readers practice recognizing and reading long-vowel patterns while building confidence and fluency. | ||
| 521 | 8 |
_a250
_bLexile estimate |
|
| 521 | 8 |
_aE
_bRaz-Plus |
|
| 650 |
_aVowel book _vBeginner |
||
| 700 |
_aWheeler, Ron _eIllustrator |
||
| 942 |
_2ddc _cBK _n0 |
||
| 999 |
_c9546 _d9546 |
||